Sports Quiz

Random Sports or Baseball Quiz

2015 El Paso Chihuahuas Quiz Stats

 Plays Quiz not verified by Sporcle

Support Sporcle.
Go Orange.
Score 0/63 Timer 08:00
0 Plays Today
Position Name % Correct
CAustin Hedges
75.8%
2BJedd Gyorko
74.7%
OFHunter Renfroe
71.4%
CIF/COF/C/PCody Decker
69.2%
OFRymer Liriano
67%
PColin Rea
67%
CFTravis Jankowski
65.9%
CFMelvin Upton
63.7%
3BWill Middlebrooks
61.5%
2B/3BCory Spangenberg
59.3%
1B/CFWil Myers
56%
PKevin Quackenbush
54.9%
OFAlex Dickerson
53.8%
1BYonder Alonso
51.6%
PNick Vincent
50.5%
3BBrett Wallace
50.5%
CRocky Gale
48.4%
PRobbie Erlin
47.3%
PCasey Kelly
41.8%
P/PHJason Lane
38.5%
PChris Smith
38.5%
PBrandon Morrow
36.3%
PJay Jackson
34.1%
PBryce Morrow
34.1%
PMarco Mateo
33%
PFrank Garces
31.9%
1B/OFTommy Medica
31.9%
CTim Federowicz
28.6%
OFAbraham Almonte
26.4%
PJon Edwards
24.2%
PDale Thayer
24.2%
PCory Mazzoni
22%
Position Name % Correct
PLeonel Campos
20.9%
PShawn Kelley
19.8%
1B/OFJake Goebbert
18.7%
PCory Luebke
18.7%
IFRamiro Pena
18.7%
PTayron Guerrero
18.7%
SSBenji Gonzalez
17.6%
PBryan Rodriguez
16.5%
2BTaylor Lindsey
15.4%
SSHector Gomez
12.1%
CJason Hagerty
9.9%
PDaniel McCutchen
8.8%
PChris Rearick
8.8%
IF/PMike McCoy
7.7%
CFRico Noel
7.7%
IFCasey McElroy
6.6%
MIFDiego Goris
6.6%
PJustin Hancock
5.5%
CRobert Kral
4.4%
PJames Needy
4.4%
PAdam Cimber
3.3%
PMichael Dimock
3.3%
PAaron Northcraft
3.3%
PDennis O'Grady
3.3%
PJerry Sullivan
3.3%
PEury DeLaRosa
2.2%
PScott Elbert
2.2%
PZack Segovia
2.2%
PJordan Hershiser
1.1%
PStephen Kohlscheen
1.1%
PCaleb Thielbar
1.1%

You're not logged in!

Compare scores with friends on all Sporcle quizzes.
OR
Log In

From the Vault

NHL Hall of Fame Goaltenders

by senordingdong

You could say making their way into the Hall of Fame was their real goal.
Remove Ads.
Support Sporcle.
Get the best of Sporcle when you Go Orange. This ad-free experience offers more features, more stats, and more fun while also helping to support Sporcle. Thank you for becoming a member.

Show Comments

Extras

Top Quizzes Today


Score Distribution

Your Account Isn't Verified!

In order to create a playlist on Sporcle, you need to verify the email address you used during registration. Go to your Sporcle Settings to finish the process.

Report this User

Report this user for behavior that violates our Community Guidelines.

Details: